[Event "GER-ch U25 op-A"]
[Site "Oberhof"]
[Date "2012.05.30"]
[Round "6"]
[White "Dietrich, Franz"]
[Black "Gubela, Hans Erich Constant"]
[Result "0-1"]
[WhiteElo "1525"]
[BlackElo "1807"]
[PlyCount "128"]
[EventDate "2012.05.27"]
[EventType "swiss"]
[EventRounds "9"]
[EventCountry "GER"]
[SourceTitle "CBM 148 Extra"]
[Source "ChessBase"]
[SourceDate "2012.06.22"]
[SourceVersion "1"]
[SourceVersionDate "2012.06.22"]
[SourceQuality "1"]

1. e4 c5 2. Nf3 a6 3. d4 cxd4 4. Nxd4 Nf6 5. Nc3 e5 6. Nb3 Bb4 7. Bg5 Qc7 8. Bxf6 Bxc3+ 9. bxc3 Qxc3+ 10. Qd2 Qxd2+ 11. Nxd2 gxf6 12. Nc4 Nc6 13. Nd6+ Ke7 14. Nf5+ Kd8 15. Bc4 Rf8 16. c3 Ne7 17. Nd6 Kc7 18. Rd1 b5 19. Bxf7 Rb8 20. 0-0 Rb6 21. Nxc8 Kxc8 22. Bd5 Nxd5 23. Rxd5 Rc6 24. Rfd1 Rd8 25. Rd6 Kc7 26. R6d3 d6 27. Rh3 Rd7 28. Rf3 Rf7 29. Rfd3 Kd7 30. Ra1 Ke6 31. a4 bxa4 32. Rxa4 Rd7 33. c4 Rb7 34. h3 Rb1+ 35. Kh2 Rb2 36. f3 Rc2 37. Rda3 Rb6 38. Ra1 Rbb2 39. Rg1 Ra2 40. Rxa2 Rxa2 41. Rc1 Ra5 42. Rb1 Rc5 43. Rb6 a5 44. Ra6 h6 45. h4 h5 46. Ra8 Rxc4 47. Rxa5 f5 48. exf5+ Kxf5 49. Kg3 Rc5 50. Ra8 d5 51. Rf8+ Kg6 52. Rg8+ Kf6 53. Re8 Rc7 54. Rd8 Ke6 55. Rh8 d4 56. Rh6+ Kd5 57. Rxh5 d3 58. Kf2 Kd4 59. Rh8 Rc2+ 60. Ke1 Ke3 61. Kd1 Ra2 62. Rc8 Ra1+ 63. Rc1 Rxc1+ 64. Kxc1 Ke2 0-1

[Event "GER-ch U25 op-A"]
[Site "Oberhof"]
[Date "2012.05.27"]
[Round "1"]
[White "Ospina Ocampo, Camilo"]
[Black "Dietrich, Franz"]
[Result "1/2-1/2"]
[WhiteElo "1838"]
[BlackElo "1525"]
[PlyCount "44"]
[EventDate "2012.05.27"]
[EventType "swiss"]
[EventRounds "9"]
[EventCountry "GER"]
[SourceTitle "CBM 148 Extra"]
[Source "ChessBase"]
[SourceDate "2012.06.22"]
[SourceVersion "1"]
[SourceVersionDate "2012.06.22"]
[SourceQuality "1"]

1. e4 e5 2. Nf3 Nc6 3. Bb5 a6 4. Ba4 Nf6 5. 0-0 b5 6. Bb3 Bc5 7. a4 b4 8. d3 d6 9. h3 0-0 10. c3 bxc3 11. Nxc3 a5 12. Bg5 h6 13. Bh4 Be6 14. Nb5 Rc8 15. Nc3 Nb4 16. Bc2 Nxc2 17. Qxc2 Rb8 18. Qd2 Bb4 19. Nh2 g5 20. Bg3 Kh7 21. h4 g4 22. Qe2 Qd7 1/2-1/2

[Event "GER-chA U25"]
[Site "Oberhof"]
[Date "2011.06.18"]
[Round "9"]
[White "Dietrich, Franz"]
[Black "Mehling, Franziska"]
[Result "1/2-1/2"]
[WhiteElo "1509"]
[BlackElo "1542"]
[PlyCount "49"]
[EventDate "2011.06.11"]
[EventType "swiss"]
[EventRounds "9"]
[EventCountry "GER"]
[SourceTitle "CBM 142 Extra"]
[Source "ChessBase"]
[SourceDate "2011.06.27"]
[SourceVersion "1"]
[SourceVersionDate "2011.06.27"]
[SourceQuality "1"]

1. d4 Nf6 2. c4 e6 3. Nf3 b6 4. e3 Bb7 5. Bd3 d5 6. b3 Nbd7 7. Bb2 c5 8. 0-0 Bd6 9. Ne5 Ne4 10. f3 Nef6 11. Nd2 Qc7 12. f4 h6 13. Rc1 Rc8 14. Qe2 Ne4 15. Nxe4 dxe4 16. Bb1 Nf6 17. Rcd1 Rd8 18. g4 h5 19. g5 Ng8 20. dxc5 Bxc5 21. Rxd8+ Qxd8 22. Kf2 Ne7 23. Rd1 Qb8 24. Kg2 Nf5 25. Bd4 1/2-1/2

[Event "GER-chA U25"]
[Site "Oberhof"]
[Date "2011.06.14"]
[Round "4"]
[White "Kast, Joannis"]
[Black "Dietrich, Franz"]
[Result "1-0"]
[WhiteElo "1745"]
[BlackElo "1509"]
[PlyCount "95"]
[EventDate "2011.06.11"]
[EventType "swiss"]
[EventRounds "9"]
[EventCountry "GER"]
[SourceTitle "CBM 142 Extra"]
[Source "ChessBase"]
[SourceDate "2011.06.27"]
[SourceVersion "1"]
[SourceVersionDate "2011.06.27"]
[SourceQuality "1"]

1. e4 e5 2. Nf3 Nf6 3. Nxe5 d6 4. Nf3 Nxe4 5. Nc3 Nf6 6. d4 Bg4 7. Be2 Be7 8. Be3 0-0 9. Qd2 Nbd7 10. 0-0-0 d5 11. h3 Be6 12. g4 Bb4 13. Bd3 c5 14. dxc5 Nxc5 15. Bxc5 Bxc5 16. Ne5 Bd6 17. f4 Qc7 18. Nb5 Qb6 19. Nxd6 Qxd6 20. Qe2 Qc7 21. g5 Ne4 22. Rdg1 f6 23. gxf6 Rxf6 24. Bxe4 dxe4 25. Qxe4 Bf5 26. Qe2 Raf8 27. Rh2 Be6 28. Rhg2 g6 29. a3 Bd5 30. Rg5 Qe7 31. Qd3 Be6 32. h4 Bf5 33. Qc4+ Kg7 34. Qd4 a6 35. h5 Rd8 36. Qf2 Rfd6 37. Rxf5 Rd1+ 38. Rxd1 Rxd1+ 39. Kxd1 gxf5 40. Qg3+ Kh6 41. Ke2 b5 42. b3 Qf6 43. c4 bxc4 44. bxc4 Qe7 45. a4 a5 46. c5 Qf6 47. c6 Qe7 48. c7 1-0

[Event "GER-chA U25"]
[Site "Oberhof"]
[Date "2011.06.12"]
[Round "2"]
[White "Wissel, Florian"]
[Black "Dietrich, Franz"]
[Result "0-1"]
[WhiteElo "1676"]
[BlackElo "1509"]
[PlyCount "58"]
[EventDate "2011.06.11"]
[EventType "swiss"]
[EventRounds "9"]
[EventCountry "GER"]
[SourceTitle "CBM 142 Extra"]
[Source "ChessBase"]
[SourceDate "2011.06.27"]
[SourceVersion "1"]
[SourceVersionDate "2011.06.27"]
[SourceQuality "1"]

1. d4 d5 2. Nf3 Nf6 3. c4 c6 4. Nc3 e6 5. Bg5 Be7 6. e3 Nbd7 7. Bd3 dxc4 8. Bxc4 0-0 9. 0-0 a6 10. Rc1 b5 11. Bd3 c5 12. Bxf6 Nxf6 13. dxc5 Bxc5 14. Ne4 Bb6 15. Qc2 h6 16. Rfd1 Qe7 17. Nxf6+ Qxf6 18. Qc6 Rb8 19. Qd6 Bb7 20. e4 Ba7 21. e5 Qf4 22. Be2 Rfd8 23. Qxd8+ Rxd8 24. Rxd8+ Kh7 25. Re1 g5 26. g3 Qb4 27. Rb1 Kg7 28. Rd7 Qe4 29. Re1 g4 0-1